Sports Quiz

Random Sports or NFL Quiz

NFL Starting QBs by Team (2005-09) Quiz Stats

 Plays Quiz Updated Jun 11, 2018

Score 0/160 Timer 06:00
12 Plays Today
Team Player % Correct
New England PatriotsTom Brady
99.3%
New England PatriotsTom Brady
99.3%
New England PatriotsTom Brady
99.3%
New England PatriotsTom Brady
99.3%
Indianapolis ColtsPeyton Manning
97.3%
Indianapolis ColtsPeyton Manning
97.3%
Indianapolis ColtsPeyton Manning
97.3%
Indianapolis ColtsPeyton Manning
97.3%
Indianapolis ColtsPeyton Manning
97.3%
New York GiantsEli Manning
97.1%
New York GiantsEli Manning
97.1%
New York GiantsEli Manning
97.1%
New York GiantsEli Manning
97.1%
New York GiantsEli Manning
97.1%
New York JetsBrett Favre
94.2%
Minnesota VikingsBrett Favre
94.2%
Green Bay PackersBrett Favre
94.2%
Green Bay PackersBrett Favre
94.2%
Green Bay PackersBrett Favre
94.2%
San Diego ChargersDrew Brees
94%
New Orleans SaintsDrew Brees
94%
New Orleans SaintsDrew Brees
94%
New Orleans SaintsDrew Brees
94%
New Orleans SaintsDrew Brees
94%
Dallas CowboysTony Romo
92.1%
Dallas CowboysTony Romo
92.1%
Dallas CowboysTony Romo
92.1%
Dallas CowboysTony Romo
92.1%
San Diego ChargersPhilip Rivers
90.9%
San Diego ChargersPhilip Rivers
90.9%
San Diego ChargersPhilip Rivers
90.9%
San Diego ChargersPhilip Rivers
90.9%
Philadelphia EaglesDonovan McNabb
90.7%
Philadelphia EaglesDonovan McNabb
90.7%
Philadelphia EaglesDonovan McNabb
90.7%
Philadelphia EaglesDonovan McNabb
90.7%
Philadelphia EaglesDonovan McNabb
90.7%
Pittsburgh SteelersBen Roethlisberger
89.5%
Pittsburgh SteelersBen Roethlisberger
89.5%
Pittsburgh SteelersBen Roethlisberger
89.5%
Pittsburgh SteelersBen Roethlisberger
89.5%
Pittsburgh SteelersBen Roethlisberger
89.5%
New England PatriotsMatt Cassel
88.7%
Kansas City ChiefsMatt Cassel
88.7%
Cincinnati BengalsCarson Palmer
87.5%
Cincinnati BengalsCarson Palmer
87.5%
Cincinnati BengalsCarson Palmer
87.5%
Cincinnati BengalsCarson Palmer
87.5%
Baltimore RavensJoe Flacco
87.1%
Baltimore RavensJoe Flacco
87.1%
Arizona CardinalsKurt Warner
85.3%
Arizona CardinalsKurt Warner
85.3%
Arizona CardinalsKurt Warner
85.3%
Arizona CardinalsKurt Warner
85.3%
Team Player % Correct
Denver BroncosJay Cutler
85.2%
Denver BroncosJay Cutler
85.2%
Chicago BearsJay Cutler
85.2%
New York JetsMark Sanchez
85%
San Francisco 49ersAlex Smith
84.7%
San Francisco 49ersAlex Smith
84.7%
San Francisco 49ersAlex Smith
84.7%
Miami DolphinsChad Pennington and Chad Henne
84.2%
San Francisco 49ersAlex Smith
83.7%
Houston TexansMatt Schaub
81.9%
Houston TexansMatt Schaub
81.9%
Houston TexansMatt Schaub
81.9%
New York JetsKellen Clemens and Chad Pennington
81.6%
New York JetsChad Pennington
81.3%
Miami DolphinsChad Pennington
81.3%
Seattle SeahawksMatt Hasselbeck
80.7%
Seattle SeahawksMatt Hasselbeck
80.7%
Seattle SeahawksMatt Hasselbeck
80.7%
Seattle SeahawksMatt Hasselbeck
80.7%
Green Bay PackersAaron Rodgers
80.5%
Green Bay PackersAaron Rodgers
80.5%
Atlanta FalconsMatt Ryan
80.5%
Atlanta FalconsMatt Ryan
80.5%
Atlanta FalconsMichael Vick
80.5%
Atlanta FalconsMichael Vick
80.5%
Detroit LionsMatthew Stafford
75.8%
Denver BroncosKyle Orton
74.4%
Chicago BearsKyle Orton
74.4%
Chicago BearsKyle Orton
74.4%
Baltimore RavensSteve McNair
73.8%
Tennessee TitansSteve McNair
73.8%
Jacksonville JaguarsDavid Garrard
72.4%
Jacksonville JaguarsDavid Garrard
72.4%
Jacksonville JaguarsDavid Garrard
72.4%
Jacksonville JaguarsDavid Garrard
72.4%
Carolina PanthersJake Delhomme
71%
Carolina PanthersJake Delhomme
71%
Carolina PanthersJake Delhomme
71%
Carolina PanthersJake Delhomme
71%
Tennessee TitansVince Young
70.5%
Tennessee TitansVince Young
70.5%
Houston TexansDavid Carr
69.7%
Houston TexansDavid Carr
69.7%
Buffalo BillsRyan Fitzpatrick
68.3%
Cincinnati BengalsRyan Fitzpatrick
66.5%
St Louis RamsMarc Bulger
65.5%
St Louis RamsMarc Bulger
65.5%
St Louis RamsMarc Bulger
65.5%
St Louis RamsMarc Bulger
65.5%
St Louis RamsMarc Bulger
65.5%
Chicago BearsRex Grossman
64.8%
Chicago BearsRex Grossman
64.8%
Oakland RaidersJaMarcus Russell
63.1%
Oakland RaidersJaMarcus Russell
63.1%
Team Player % Correct
Tennessee TitansKerry Collins
62.1%
Tennessee TitansKerry Collins
62.1%
Oakland RaidersKerry Collins
62.1%
Kansas City ChiefsTrent Green or Damon Huard
60.6%
Kansas City ChiefsTrent Green
59.9%
Denver BroncosJake Plummer
58.4%
Denver BroncosJake Plummer
58.4%
Dallas CowboysDrew Bledsoe
57.9%
Washington RedskinsJason Campbell
57.6%
Washington RedskinsJason Campbell
57.6%
Washington RedskinsJason Campbell
57.6%
Minnesota VikingsBrad Johnson
57.5%
Minnesota VikingsBrad Johnson
57.5%
Minnesota VikingsTarvaris Jackson
56.8%
Tampa Bay BuccaneersJosh Freeman
55.7%
Jacksonville JaguarsByron Leftwich
55.4%
Cleveland BrownsDerek Anderson
54.8%
Cleveland BrownsDerek Anderson
54.8%
Detroit LionsJon Kitna
51.5%
Detroit LionsJon Kitna
51.5%
Tampa Bay BuccaneersJeff Garcia
51.1%
Tampa Bay BuccaneersJeff Garcia
51.1%
Buffalo BillsKelly Holcomb or J.P. Losman
49.5%
Buffalo BillsJ.P. Losman
48.4%
Washington RedskinsMark Brunell
47.2%
Washington RedskinsMark Brunell
47.2%
Carolina PanthersVinny Testaverde
46.4%
Oakland RaidersAndrew Walter or Aaron Brooks
46.3%
New Orleans SaintsAaron Brooks
45.8%
Cleveland BrownsBrady Quinn
45.8%
Arizona CardinalsMatt Leinart
42.3%
Buffalo BillsTrent Edwards
41.6%
Buffalo BillsTrent Edwards
41.6%
Miami DolphinsJoey Harrington
41%
Detroit LionsJoey Harrington
41%
Atlanta FalconsJoey Harrington
41%
Baltimore RavensKyle Boller
39.3%
Baltimore RavensKyle Boller
39.3%
Kansas City ChiefsDamon Huard
38.7%
Cleveland BrownsTrent Dilfer
36.4%
San Francisco 49ersShaun Hill or J.T. O'Sullivan
31.3%
Seattle SeahawksSeneca Wallace
30.1%
Kansas City ChiefsTyler Thigpen
20.7%
Miami DolphinsGus Frerotte
19.4%
Minnesota VikingsGus Frerotte
19.4%
Tampa Bay BuccaneersBruce Gradkowski
18.8%
Tampa Bay BuccaneersChris Simms
18.2%
Miami DolphinsCleo Lemon
18.1%
Detroit LionsDan Orlovsky
17%
Oakland RaidersJosh McCown
16.3%
Cleveland BrownsCharlie Frye
14.5%
New York JetsBrooks Bollinger
10.9%

You're not logged in!

Compare scores with friends on all Sporcle quizzes.
OR
Log In

Sporcle TV

Today on Sporcle TV


Watch our educational content, quiz creation guides, and fun videos on Sporcle TV.

Show Comments

Extras

Top Quizzes Today


Score Distribution

Your Account Isn't Verified!

In order to create a playlist on Sporcle, you need to verify the email address you used during registration. Go to your Sporcle Settings to finish the process.

Report this User

Report this user for behavior that violates our Community Guidelines.

Details: